000 00646nam a22002415i 4500
001 11807
003 ES-MaACL
005 20250325063043.0
007 t|
008 931006s1992 sp ||||0| spa j
020 _a84-321-2965-8
040 _aM-BN
_bspa
_cM-BN
080 _a860-14"19"
100 1 _aInfante, José,
_d1946-
_965257
_eaut
245 1 0 _aLo que queda del aire /
_cJosé Infante.
260 _aMadrid :
_bRialp,
_cD.L. 1992.
300 _a93 p. ;
_c18 cm.
490 1 _aAdonais ;
_v498
830 0 0 _aAdonáis
_v498
_9173743
852 _aES-MaACL
_jJ-23-498
_bR.125387
942 _2udc
999 _c11807
_d11807